Spider-Man: Far From Home (2019): Random Characters - Statistics

General Stats
  • This quiz has been taken 10 times
  • The average score is 5 of 17
Answer Stats
Hint Answer % Correct
J.K. Simmons J. Jonah Jameson
88%
Martin Starr Mr. Harrington
50%
Jeff Bridges Obadiah Stane
50%
Numan Acar Dimitri
38%
Joshua Sinclair-Evans Josh
25%
J.B. Smoove Mr. Dell
25%
Pat Kieran Pat Kieran
25%
Sebastian Viveros Sebastian
25%
Tyler Luke Cunningham Tyler
25%
Peter Billingsley William Ginter Riva
25%
Yasmin Mwanza Yasmin
25%
Zach Barack Zach
25%
Zoha Rahman Zoha
25%
Dawn Michelle King E.D.I.T.H.
13%
Claire Rushbrook Janice
13%
Jorge Lendeborg Jr. Jason Ionello
13%
Clare Dunne Victoria
13%
No matching quizzes found
Score Distribution
Percent of People with Each Score
Percentile by Number Answered
Your Score History
You have not taken this quiz